[Event "TUR Cup										"]
[Site "Antalya"]
[Date "2018.01.29"]
[Round "4"]
[White "Urker, Oguzhan"]
[Black "Yenigul, Mehmet"]
[Result "0-1"]
[WhiteElo "1398"]
[BlackElo "1595"]
[PlyCount "70"]
[EventDate "2018.01.27"]
[EventType "swiss"]
[EventRounds "11"]
[EventCountry "TUR"]
[SourceTitle "CBM 182 Extra"]
[Source "ChessBase"]
[SourceDate "2018.02.23"]
[SourceVersion "1"]
[SourceVersionDate "2018.02.23"]
[SourceQuality "1"]

1. d4 d5 2. Nf3 Nf6 3. e3 e6 4. Bd3 Bd6 5. Nbd2 Nbd7 6. 0-0 c5 7. b3 0-0 8. Bb2 cxd4 9. exd4 a6 10. Re1 b5 11. c3 Bb7 12. Qc2 Rc8 13. Rac1 Re8 14. Qb1 e5 15. dxe5 Nxe5 16. Nxe5 Rxe5 17. Rxe5 Bxe5 18. Nf3 Bf4 19. Re1 d4 20. Nxd4 Qd5 21. f3 Qh5 22. h3 g6 23. Bc1 Bg3 24. Re7 Bd5 25. c4 Ba8 26. Re2 Rd8 27. Bb2 Qc5 28. Kh1 Nh5 29. Rc2 b4 30. Qf1 Be5 31. Ne2 Bxb2 32. Rxb2 Rxd3 33. Kh2 Qe5+ 34. Ng3 Qxg3+ 35. Kh1 Qd6 0-1

[Event "TUR Cup										"]
[Site "Antalya"]
[Date "2018.01.28"]
[Round "2"]
[White "Dogan, Sevval"]
[Black "Yenigul, Mehmet"]
[Result "1-0"]
[WhiteElo "1861"]
[BlackElo "1595"]
[PlyCount "63"]
[EventDate "2018.01.27"]
[EventType "swiss"]
[EventRounds "11"]
[EventCountry "TUR"]
[SourceTitle "CBM 182 Extra"]
[Source "ChessBase"]
[SourceDate "2018.02.23"]
[SourceVersion "1"]
[SourceVersionDate "2018.02.23"]
[SourceQuality "1"]

1. e4 c5 2. Nf3 d6 3. d4 cxd4 4. Nxd4 Nf6 5. Nc3 e6 6. Bg5 Be7 7. Qd2 a6 8. 0-0-0 Qc7 9. f3 Nc6 10. g4 Ne5 11. h4 Nc4 12. Bxc4 Qxc4 13. Kb1 h6 14. Be3 Bd7 15. g5 hxg5 16. hxg5 Nh5 17. Nb3 Qc7 18. Bd4 0-0-0 19. Qe3 Rdg8 20. Bb6 Qb8 21. Na5 Bd8 22. Nc4 Bc7 23. Ba7 Qa8 24. Bb6 g6 25. Bxc7 Kxc7 26. Qb6+ Kb8 27. Qxd6+ Ka7 28. Qc5+ Kb8 29. Nb6 Qa7 30. Nxd7+ Ka8 31. Nb6+ Kb8 32. Qd6# 1-0

[Event "TUR Cup										"]
[Site "Antalya"]
[Date "2018.01.27"]
[Round "1"]
[White "Yenigul, Mehmet"]
[Black "Demir, Bilal"]
[Result "1/2-1/2"]
[WhiteElo "1595"]
[BlackElo "2093"]
[PlyCount "71"]
[EventDate "2018.01.27"]
[EventType "swiss"]
[EventRounds "11"]
[EventCountry "TUR"]
[SourceTitle "CBM 182 Extra"]
[Source "ChessBase"]
[SourceDate "2018.02.23"]
[SourceVersion "1"]
[SourceVersionDate "2018.02.23"]
[SourceQuality "1"]

1. d4 f5 2. c4 Nf6 3. Bf4 g6 4. e3 Bg7 5. Nc3 d6 6. Nf3 0-0 7. Qb3 e6 8. Be2 h6 9. h3 Qe7 10. 0-0 Kh7 11. a4 Nc6 12. a5 Rb8 13. Qa3 Bd7 14. b4 e5 15. Bh2 e4 16. Nd2 Qd8 17. Nb5 Ne8 18. Rab1 a6 19. Nc3 Ne7 20. b5 axb5 21. cxb5 Ra8 22. a6 b6 23. Rfc1 Be6 24. Nc4 Qd7 25. Na2 Nd5 26. Nb4 Qxb5 27. Nxb6 Qxb6 28. Nxd5 Qa7 29. Rb7 Qxb7 30. axb7 Rxa3 31. b8Q Bxd5 32. Qb4 Rb3 33. Qa4 Nf6 34. Bd1 Rb2 35. Qa7 Rb7 36. Qa4 1/2-1/2